Oceania Map Quiz - Statistics

General Stats
  • This quiz has been taken 36 times
  • The average score is 11 of 14
Answers on the Map
Answers color-coded by a green-red scale on the quiz's map according to % correct below.
 
Answer Stats
Answer % Correct
Australia
90%
New Zealand
90%
Papua new guinea
85%
Fiji
80%
Samoa
80%
Solomon Islands
80%
Vanuatu
80%
Kiribati
75%
Micronesia
75%
Nauru
75%
Palau
75%
Tuvalu
75%
Marshall Islands
70%
Tonga
65%
No matching quizzes found
Score Distribution
Percent of People with Each Score
Percentile by Number Answered
Your Score History
You have not taken this quiz